LIBRARY & INFORMATION CENTRE, KCAET, TAVANUR

ONLINE PUBLIC ACCESS CATALOGUE (OPAC)

Plant diseases / (Record no. 6005)

MARC details
000 -LEADER
fixed length control field 00429cam a2200181ua 4500
041 ## - LANGUAGE CODE
Language code of text/sound track or separate title ben
082 ## - DEWEY DECIMAL CLASSIFICATION NUMBER
Classification number 632.3
Item number SUD/PL
100 ## - MAIN ENTRY--AUTHOR NAME
Personal name Sudhir, Chowdhury .
245 ## - TITLE STATEMENT
Title Plant diseases /
260 ## - PUBLICATION, DISTRIBUTION, ETC. (IMPRINT)
Place of publication Allahabad :
Name of publisher Kitabistan ,
Year of publication 1957.
300 ## - PHYSICAL DESCRIPTION
Number of Pages ; .
942 ## - ADDED ENTRY ELEMENTS (KOHA)
Koha item type Books
Holdings
Withdrawn status Lost status Damaged status Home library Current library Date acquired Full call number Accession Number Koha item type
Withdrawn     KAUAET KAUAET 07/04/2012 632.3 8159 Books
Withdrawn     KAUAET KAUAET 07/04/2012 632.3 8162 Books
Withdrawn     KAUAET KAUAET 07/04/2012 632.3 8156 Books
Withdrawn     KAUAET KAUAET 07/04/2012 632.3 8157 Books
free website counter